Normal view
MARC view
- Willborn, W. W. O , Sinha, M. N
Entry Personal Name
001 - CONTROL NUMBER
- control field: 66979
003 - CONTROL NUMBER IDENTIFIER
- control field: NUST
005 - DATE AND TIME OF LATEST TRANSACTION
- control field: 20210628203719.0
008 - FIXED-LENGTH DATA ELEMENTS
- fixed length control field: 210628|| aca||aabn | a|a d
040 ## - CATALOGING SOURCE
- Original cataloging agency: NUST
- Transcribing agency: NUST
100 ## - HEADING--PERSONAL NAME
- Personal name: Willborn, W. W. O , Sinha, M. N
670 ## - SOURCE DATA FOUND
- Source citation: Work cat.: (NUST): Willborn, W. W. O , Sinha, M. N, The management of quality assurance, 1985
